<?xml version="1.0" encoding="UTF-8"?>
<collection xmlns="http://www.loc.gov/MARC21/slim">
<record>
  <controlfield tag="001">108541</controlfield>
  <controlfield tag="005">20220817094723.0</controlfield>
  <datafield tag="024" ind1="7" ind2=" ">
    <subfield code="2">doi</subfield>
    <subfield code="a">10.30827/cuadgeo.v60i2.15544</subfield>
  </datafield>
  <datafield tag="024" ind1="8" ind2=" ">
    <subfield code="2">sideral</subfield>
    <subfield code="a">125193</subfield>
  </datafield>
  <datafield tag="037" ind1=" " ind2=" ">
    <subfield code="a">ART-2021-125193</subfield>
  </datafield>
  <datafield tag="041" ind1=" " ind2=" ">
    <subfield code="a">spa</subfield>
  </datafield>
  <datafield tag="100" ind1=" " ind2=" ">
    <subfield code="a">Cruz Alonso, Daniel</subfield>
    <subfield code="u">Universidad de Zaragoza</subfield>
    <subfield code="0">(orcid)0000-0001-8264-1263</subfield>
  </datafield>
  <datafield tag="245" ind1=" " ind2=" ">
    <subfield code="a">Tipología y evolución de los aeropuertos españoles en relación con el transporte de carga</subfield>
  </datafield>
  <datafield tag="260" ind1=" " ind2=" ">
    <subfield code="c">2021</subfield>
  </datafield>
  <datafield tag="506" ind1="0" ind2=" ">
    <subfield code="a">Access copy available to the general public</subfield>
    <subfield code="f">Unrestricted</subfield>
  </datafield>
  <datafield tag="520" ind1="3" ind2=" ">
    <subfield code="a">La globalización requiere sistemas de transporte que permitan un intercambio rápido y masivo de mercancías ante los nuevos patrones de producción y consumo. El transporte aéreo es fundamental para la distribución rápida de mercancías, donde los aeropuertos sirven como nodos de conexión entre las escalas globales y regionales. Las especificidades de la carga aérea están configurando una red aeroportuaria compuesta por un número limitado de terminales especializadas que concentran la mayor parte del tráfico. En este contexto, y ante la escasez de estudios detallados sobre esta materia para España, este trabajo pretende caracterizar si los aeropuertos españoles también se están incorporando a las dinámicas globales analizando la evolución y especialización aeroportuaria durante los últimos quince años. Para ello, se propone una relación jerárquica funcional actualizada de los aeropuertos a través de un análisis de conglomerados o clústeres. Los resultados muestran la consolidación en España de los procesos globales del transporte aéreo de mercancías, con una concentración y especialización en cuatro aeropuertos (dos hubs para pasajeros y mercancías y dos especializados en mercancías), lo que redibuja la jerarquía aeroportuaria tradicional del transporte de mercancías y aporta nuevos elementos para la planificación de las infraestructuras de transporte y de los espacios logísticos.</subfield>
  </datafield>
  <datafield tag="540" ind1=" " ind2=" ">
    <subfield code="9">info:eu-repo/semantics/openAccess</subfield>
    <subfield code="a">by-nc</subfield>
    <subfield code="u">http://creativecommons.org/licenses/by-nc/3.0/es/</subfield>
  </datafield>
  <datafield tag="594" ind1=" " ind2=" ">
    <subfield code="a">1.0</subfield>
    <subfield code="b">2021</subfield>
  </datafield>
  <datafield tag="655" ind1=" " ind2="4">
    <subfield code="a">info:eu-repo/semantics/article</subfield>
    <subfield code="v">info:eu-repo/semantics/publishedVersion</subfield>
  </datafield>
  <datafield tag="700" ind1=" " ind2=" ">
    <subfield code="a">López-Escolano, Carlos</subfield>
    <subfield code="u">Universidad de Zaragoza</subfield>
    <subfield code="0">(orcid)0000-0002-1653-7780</subfield>
  </datafield>
  <datafield tag="710" ind1="2" ind2=" ">
    <subfield code="1">3006</subfield>
    <subfield code="2">435</subfield>
    <subfield code="a">Universidad de Zaragoza</subfield>
    <subfield code="b">Dpto. Geograf. Ordenac.Territ.</subfield>
    <subfield code="c">Área Geografía Humana</subfield>
  </datafield>
  <datafield tag="773" ind1=" " ind2=" ">
    <subfield code="g">60, 2 (2021), 6-30</subfield>
    <subfield code="p">Cuad. geogr. Univ. Granada</subfield>
    <subfield code="t">Cuadernos Geograficos</subfield>
    <subfield code="x">0210-5462</subfield>
  </datafield>
  <datafield tag="856" ind1="4" ind2=" ">
    <subfield code="s">1102455</subfield>
    <subfield code="u">http://zaguan.unizar.es/record/108541/files/texto_completo.pdf</subfield>
    <subfield code="y">Versión publicada</subfield>
  </datafield>
  <datafield tag="856" ind1="4" ind2=" ">
    <subfield code="s">1977762</subfield>
    <subfield code="u">http://zaguan.unizar.es/record/108541/files/texto_completo.jpg?subformat=icon</subfield>
    <subfield code="x">icon</subfield>
    <subfield code="y">Versión publicada</subfield>
  </datafield>
  <datafield tag="909" ind1="C" ind2="O">
    <subfield code="o">oai:zaguan.unizar.es:108541</subfield>
    <subfield code="p">articulos</subfield>
    <subfield code="p">driver</subfield>
  </datafield>
  <datafield tag="951" ind1=" " ind2=" ">
    <subfield code="a">2022-08-17-09:35:11</subfield>
  </datafield>
  <datafield tag="980" ind1=" " ind2=" ">
    <subfield code="a">ARTICLE</subfield>
  </datafield>
</record>
</collection>